[Event "24th ECC"]
[Site "Kallithea GRE"]
[Date "2008.10.23"]
[Round "7"]
[White "Vallejo Pons, F."]
[Black "Ivanisevic, I."]
[Result "1/2-1/2"]
[WhiteElo "2664"]
[BlackElo "2658"]
[PlyCount "89"]
[EventDate "2008.10.17"]
[SourceDate "1999.07.01"]

1. Nf3 d5 2. d4 Nf6 3. c4 e6 4. Nc3 c6 5. Bg5 dxc4 6. a4 Bb4 7. e4 c5 8. Bxc4
cxd4 9. Nxd4 h6 10. Bf4 Qe7 11. e5 Nd5 12. Bxd5 exd5 13. Ndb5 a6 14. O-O axb5
15. Nxd5 Qd8 16. e6 O-O 17. Bc7 Qg5 18. e7 Re8 19. Nxb4 Bg4 20. Qd4 bxa4 21. h4
Qg6 22. Ra3 Nc6 23. Nxc6 Qxc6 24. Bd6 Ra6 25. Bb4 Qd7 26. Rd1 Qxd4 27. Rxd4 Be2
28. Rc3 Bb5 29. f4 f6 30. Kf2 Kf7 31. g4 Bc6 32. Re3 Rb6 33. g5 Rb5 34. Rg3
hxg5 35. hxg5 fxg5 36. fxg5 Rf5+ 37. Ke3 Kg6 38. Rd6+ Kh5 39. Rd8 Re5+ 40. Kd2
Kg6 41. Rc3 R8xe7 42. Bxe7 Rxe7 43. Rc5 Re4 44. Rd6+ Kh5 45. g6+ 1/2-1/2

[Event "17th CRO-chT 1a"]
[Site "Sibenik CRO"]
[Date "2008.09.02"]
[Round "6"]
[White "Postny, E."]
[Black "Pavasovic, D."]
[Result "1-0"]
[WhiteElo "2661"]
[BlackElo "2597"]
[PlyCount "131"]
[EventDate "2008.09.27"]
[SourceDate "1999.07.01"]

1. d4 d5 2. c4 e6 3. Nf3 Nf6 4. Bg5 dxc4 5. Nc3 c6 6. a4 b5 7. axb5 cxb5 8.
Nxb5 Qb6 9. Na3 Ne4 10. Nxc4 Qb4+ 11. Ncd2 Nxg5 12. Nxg5 Qxd4 13. e3 Qd5 14.
Be2 Bb7 15. Bf3 Qb5 16. Qe2 Qxe2+ 17. Kxe2 Bxf3+ 18. Ngxf3 Bb4 19. Rhc1 O-O 20.
Rc4 Be7 21. Rc7 Bf6 22. Nc4 a5 23. Nfe5 Ra6 24. Ra4 Bxe5 25. Nxe5 f6 26. Nd3 e5
27. Rac4 Rb6 28. R7c5 Ra6 29. Rb5 Ra7 30. Nc5 Rc8 31. Ne4 Rd8 32. g4 Nd7 33.
Rc6 h6 34. h4 Rf8 35. Nd6 Kh7 36. Nf5 a4 37. h5 Re8 38. Rc4 Nf8 39. Rbb4 Rea8
40. Rc6 Rd8 41. Kf3 Re8 42. Rcb6 Rea8 43. Rb7 Ne6 44. Rxa7 Rxa7 45. Rb8 a3 46.
bxa3 Rxa3 47. Kg3 Ra7 48. Nh4 Rd7 49. Re8 Nc7 50. Rf8 Ne6 51. Ra8 Rd8 52. Ra7
Nf8 53. Kf3 Kg8 54. Ke4 Rd7 55. Ra8 Kf7 56. Kf5 Rd2 57. f3 Rd7 58. Ng6 Nxg6 59.
hxg6+ Ke7 60. Rg8 Kd6 61. Rxg7 Rxg7 62. Kxf6 Ra7 63. g7 Ra8 64. Kf7 Ra7+ 65.
Kg6 Ra8 66. Kh7 1-0

[Event "61st ch-RUS HL"]
[Site "Novokuznetsk RUS"]
[Date "2008.09.13"]
[Round "10"]
[White "Potkin, V."]
[Black "Yakovich, Yur"]
[Result "1/2-1/2"]
[WhiteElo "2629"]
[BlackElo "2566"]
[PlyCount "60"]
[EventDate "2008.09.03"]
[SourceDate "1999.07.01"]

1. d4 Nf6 2. c4 e6 3. Nf3 d5 4. Nc3 c6 5. Bg5 dxc4 6. e4 b5 7. e5 h6 8. Bh4 g5
9. Nxg5 hxg5 10. Bxg5 Nbd7 11. exf6 Bb7 12. g3 c5 13. d5 Nxf6 14. Bg2 Be7 15.
O-O Nxd5 16. Bxe7 Kxe7 17. Nxb5 Qb6 18. Na3 Rh4 19. Qd2 Nf4 20. Nxc4 Qa6 21.
Bxb7 Nh3+ 22. Kg2 Qxb7+ 23. f3 Rd8 24. Qc2 Rxc4 25. Qxc4 Qxb2+ 26. Kh1 Nf2+ 27.
Kg1 Nh3+ 28. Kh1 Nf2+ 29. Kg1 Nh3+ 30. Kh1 Nf2+ 1/2-1/2

[Event "5th LGA Premium Cup"]
[Site "Nuernberg GER"]
[Date "2008.09.07"]
[Round "6"]
[White "Braun, A."]
[Black "Naumann, A."]
[Result "1-0"]
[WhiteElo "2533"]
[BlackElo "2502"]
[PlyCount "81"]
[EventDate "2008.09.04"]
[SourceDate "1999.07.01"]

1. d4 d5 2. c4 e6 3. Nc3 c6 4. Nf3 Nf6 5. Bg5 dxc4 6. e4 b5 7. e5 h6 8. Bh4 g5
9. Nxg5 hxg5 10. Bxg5 Nbd7 11. exf6 Bb7 12. g3 Qb6 13. Bg2 O-O-O 14. O-O c5 15.
d5 b4 16. Na4 Qa6 17. a3 Bxd5 18. Bxd5 Ne5 19. axb4 Rxd5 20. Qe2 cxb4 21. Rfc1
Qc6 22. Bf4 Nd3 23. Rxc4 Qxc4 24. Rc1 Qxc1+ 25. Bxc1 Kb7 26. Be3 Bd6 27. h4 Rg8
28. Kf1 Rg6 29. h5 Rxf6 30. h6 Nxf2 31. Kg2 Nd1 32. h7 Nxe3+ 33. Qxe3 Rh5 34.
Qd4 e5 35. Qd5+ Kc7 36. Qa5+ Kc6 37. Qa6+ Kd5 38. b3 Kd4 39. Nb2 e4 40. Qc4+
Ke3 41. Qc1+ 1-0

[Event "TCh-BIH"]
[Site "Neum BIH"]
[Date "2008.06.10"]
[Round "7"]
[White "Gyimesi, Z."]
[Black "Timofeev, Arty"]
[Result "1/2-1/2"]
[WhiteElo "2600"]
[BlackElo "2664"]
[PlyCount "46"]
[EventDate "2008.06.04"]
[SourceDate "1999.07.01"]

1. d4 d5 2. c4 e6 3. Nf3 c6 4. Nc3 dxc4 5. Bg5 Nf6 6. e4 b5 7. e5 h6 8. Bh4 g5
9. exf6 gxh4 10. Ne5 Qxf6 11. a4 Bb7 12. axb5 c5 13. Be2 Bxg2 14. Rg1 h3 15. b6
cxd4 16. Qa4+ Kd8 17. Qa5 axb6 18. Qxb6+ Kc8 19. Rxa8 Qxe5 20. Qa6+ Kd8 21.
Qb6+ Kc8 22. Qa6+ Kd8 23. Qb6+ Kc8 1/2-1/2

[Event "IX EICC"]
[Site "Plovdiv BUL"]
[Date "2008.04.29"]
[Round "8"]
[White "Nanu, C."]
[Black "Potkin, V."]
[Result "0-1"]
[WhiteElo "2515"]
[BlackElo "2617"]
[PlyCount "70"]
[EventDate "2008.04.21"]
[SourceDate "1999.07.01"]

1. d4 d5 2. c4 e6 3. Nf3 Nf6 4. Nc3 c6 5. Bg5 dxc4 6. a4 c5 7. e4 cxd4 8. Nxd4
Bc5 9. Ndb5 Qa5 10. Bxf6 gxf6 11. Nd6+ Ke7 12. Nxc4 Qb4 13. Bd3 Bd4 14. O-O Rd8
15. Ra3 Qc5 16. Qe2 Nc6 17. Nd2 Bd7 18. Nb3 Qb4 19. Nxd4 Nxd4 20. Qh5 Nc6 21.
Bc2 Qa5 22. Nb5 b6 23. Qh4 Ne5 24. Nc3 Ng6 25. Qg3 Qc5 26. Bd3 Be8 27. Bb5 Rd2
28. Bxe8 Rxe8 29. Nb5 a6 30. Rc3 Qe5 31. Qe3 Qf4 32. Nc7 Qxe3 33. fxe3 Red8 34.
Rb3 Rc2 35. Rc3 Rxb2 0-1

[Event "IX EICC"]
[Site "Plovdiv BUL"]
[Date "2008.04.27"]
[Round "7"]
[White "Halkias, S."]
[Black "Timofeev, Arty"]
[Result "1/2-1/2"]
[WhiteElo "2585"]
[BlackElo "2664"]
[PlyCount "45"]
[EventDate "2008.04.21"]
[SourceDate "1999.07.01"]

1. d4 d5 2. c4 c6 3. Nf3 Nf6 4. Nc3 e6 5. Bg5 dxc4 6. e4 b5 7. a4 Bb7 8. axb5
cxb5 9. Nxb5 Bxe4 10. Qa4 Nc6 11. Ne5 Bb4+ 12. Nc3 Rc8 13. f3 O-O 14. fxe4 Qxd4
15. Nxc6 Qxe4+ 16. Be2 Bxc3+ 17. bxc3 Qxg2 18. Ne7+ Kh8 19. Rf1 Qxg5 20. Nxc8
Ne4 21. Rf3 Qh4+ 22. Kd1 Qd8+ 23. Ke1 1/2-1/2

[Event "TCh-RUS Major League"]
[Site "Dagomys RUS"]
[Date "2008.04.07"]
[Round "5"]
[White "Korobov, A."]
[Black "Ionov, S."]
[Result "1-0"]
[WhiteElo "2590"]
[BlackElo "2530"]
[PlyCount "45"]
[EventDate "2008.04.02"]
[SourceDate "1999.07.01"]

1. d4 d5 2. c4 c6 3. Nc3 Nf6 4. Nf3 e6 5. Bg5 dxc4 6. e4 b5 7. e5 h6 8. Bh4 g5
9. exf6 gxh4 10. Ne5 Qxf6 11. a4 Bb7 12. axb5 c5 13. Bxc4 Bd6 14. Ng4 Qf4 15.
d5 Nd7 16. dxe6 fxe6 17. Bxe6 Ne5 18. Ne3 c4 19. Qh5+ Kd8 20. O-O-O Kc7 21. Nb1
Qg5 22. Qxg5 hxg5 23. b6+ 1-0

[Event "65th ch-POL"]
[Site "Lublin POL"]
[Date "2008.03.03"]
[Round "7"]
[White "Dziuba, M."]
[Black "Miton, K."]
[Result "1/2-1/2"]
[WhiteElo "2556"]
[BlackElo "2609"]
[PlyCount "49"]
[EventDate "2008.02.02"]
[SourceDate "1999.07.01"]

1. d4 d5 2. c4 c6 3. Nf3 Nf6 4. Nc3 e6 5. Bg5 dxc4 6. e4 b5 7. e5 h6 8. Bh4 g5
9. Nxg5 hxg5 10. Bxg5 Nbd7 11. exf6 Qa5 12. g3 b4 13. Ne4 Ba6 14. b3 O-O-O 15.
Bxc4 Bxc4 16. bxc4 Nc5 17. Nxc5 Bxc5 18. Be3 Bxd4 19. Bxd4 Qf5 20. f3 c5 21.
O-O Rxd4 22. Qa4 Rd2 23. Rad1 Rdxh2 24. Qd7+ Kb8 25. Qb5+ 1/2-1/2

[Event "TCh-AUT 1st Bundesliga 2007-8"]
[Site "Jenbach AUT"]
[Date "2008.01.13"]
[Round "7"]
[White "Naumann, A."]
[Black "Pavasovic, D."]
[Result "1/2-1/2"]
[WhiteElo "2541"]
[BlackElo "2601"]
[PlyCount "67"]
[EventDate "2008.01.10"]
[SourceDate "1999.07.01"]

1. d4 d5 2. c4 e6 3. Nf3 Nf6 4. Nc3 c6 5. Bg5 dxc4 6. e4 b5 7. e5 h6 8. Bh4 g5
9. Nxg5 hxg5 10. Bxg5 Nbd7 11. exf6 Bb7 12. g3 c5 13. d5 Nxf6 14. Bg2 Bh6 15.
Bxf6 Qxf6 16. O-O O-O-O 17. Nxb5 a6 18. Nc3 exd5 19. Re1 Kb8 20. Na4 Bf8 21.
Qd2 Qh6 22. Qa5 Qxh2+ 23. Kf1 Rc8 24. Nb6 Rh6 25. Nxc8 d4 26. Re4 Bxe4 27. Bxe4
Rf6 28. Bg2 Qxg3 29. Qe1 Kxc8 30. Kg1 Qf4 31. Qe8+ Kc7 32. Qxf8 Qxf2+ 33. Kh1
Qh4+ 34. Kg1 1/2-1/2

[Event "38th Olympiad"]
[Site "Dresden GER"]
[Date "2008.11.23"]
[Round "10"]
[White "Kasimdzhanov, R."]
[Black "Ragger, M."]
[Result "1/2-1/2"]
[WhiteElo "2672"]
[BlackElo "2518"]
[PlyCount "85"]
[EventDate "2008.11.13"]
[SourceDate "1999.07.01"]

1. d4 d5 2. c4 c6 3. Nf3 Nf6 4. Nc3 e6 5. Bg5 dxc4 6. e4 b5 7. e5 h6 8. Bh4 g5
9. Nxg5 hxg5 10. Bxg5 Nbd7 11. exf6 Bb7 12. g3 Qb6 13. Bg2 O-O-O 14. O-O c5 15.
d5 b4 16. Na4 Qb5 17. a3 exd5 18. axb4 cxb4 19. Be3 Nc5 20. Qg4+ Rd7 21. Nxc5
Bxc5 22. Bxc5 Qxc5 23. Rfe1 Rhd8 24. Re7 Kc7 25. Rae1 Bc6 26. Qf4+ Kb6 27. Bh3
Rd6 28. Rxf7 d4 29. Re5 Rd5 30. Re6 d3 31. Bg4 d2 32. Bd1 Rf5 33. Qc7+ Kb5 34.
Re3 Qd5 35. f3 Qd4 36. Rfe7 Bxf3 37. Bxf3 d1=Q+ 38. Bxd1 Qxd1+ 39. Re1 Qd4+ 40.
Kh1 Qd5+ 41. Kg1 Qd4+ 42. Kh1 Qd5+ 43. Kg1 1/2-1/2

[Event "TCh-SLO"]
[Site "Murska Sobota SLO"]
[Date "2008.12.09"]
[Round "4"]
[White "Ruck, R1."]
[Black "Ivanisevic, I."]
[Result "1/2-1/2"]
[WhiteElo "2574"]
[BlackElo "2658"]
[PlyCount "85"]
[EventDate "2008.12.06"]
[SourceDate "1999.07.01"]

1. Nf3 d5 2. d4 Nf6 3. c4 e6 4. Nc3 c6 5. Bg5 dxc4 6. e4 b5 7. e5 h6 8. Bh4 g5
9. Nxg5 hxg5 10. Bxg5 Nbd7 11. exf6 Bb7 12. g3 c5 13. d5 Nxf6 14. Bg2 Bh6 15.
Bxf6 Qxf6 16. O-O O-O-O 17. Nxb5 a6 18. Nc3 exd5 19. Re1 Kb8 20. Na4 Qd6 21. b3
c3 22. Nxc3 d4 23. Na4 Bxg2 24. Kxg2 d3 25. Qf3 d2 26. Red1 Rhe8 27. Nb2 Qd4
28. Nc4 Re6 29. Na5 Qd5 30. Qxd5 Rxd5 31. Nc4 f5 32. Ne3 Bxe3 33. fxe3 Rxe3 34.
Kf2 Rc3 35. Ke2 Rc2 36. h4 Kc7 37. h5 Rd6 38. h6 Rxh6 39. Kd3 Rc1 40. Raxc1
dxc1=Q 41. Rxc1 Kd6 42. Ke3 Rh2 43. Rd1+ 1/2-1/2

[Event "75th ch-BRA"]
[Site "Porto Alegre BRA"]
[Date "2008.12.14"]
[Round "8"]
[White "Leitao, R."]
[Black "Fier, A."]
[Result "1/2-1/2"]
[WhiteElo "2590"]
[BlackElo "2581"]
[PlyCount "39"]
[EventDate "2008.12.07"]
[SourceDate "1999.07.01"]

1. d4 Nf6 2. c4 e6 3. Nf3 d5 4. Nc3 c6 5. Bg5 dxc4 6. e4 b5 7. e5 h6 8. Bh4 g5
9. Nxg5 hxg5 10. Bxg5 Be7 11. exf6 Bxf6 12. Bxf6 Qxf6 13. g3 Na6 14. Bg2 Bb7
15. Nxb5 O-O-O 16. Qa4 cxb5 17. Bxb7+ Kxb7 18. Qxb5+ Ka8 19. Qc6+ Kb8 20. Qb5+
1/2-1/2

[Event "4 Nations"]
[Site "Donostia ESP"]
[Date "2008.12.20"]
[Round "3"]
[White "Gozzoli, Y."]
[Black "Magem Badals, J."]
[Result "0-1"]
[WhiteElo "2503"]
[BlackElo "2522"]
[PlyCount "56"]
[EventDate "2008.12.19"]
[SourceDate "1999.07.01"]

1. d4 d5 2. c4 c6 3. Nc3 Nf6 4. Nf3 e6 5. Bg5 dxc4 6. e4 b5 7. e5 h6 8. Bh4 g5
9. exf6 gxh4 10. Ne5 Qxf6 11. a4 Bb7 12. axb5 c5 13. Be2 Bxg2 14. Rg1 h3 15. b6
cxd4 16. Qa4+ Kd8 17. Qa5 axb6 18. Qxb6+ Kc8 19. Rxa8 Qxe5 20. Ra4 Bc5 21. Rxc4
Nd7 22. Qa5 dxc3 23. Rxc3 Qd4 24. Ba6+ Kb8 25. Rb3+ Nb6 26. Qd2 Qe5+ 27. Kd1
Qxh2 28. Re1 Qc7 0-1

[Event "FSGM December"]
[Site "Budapest HUN"]
[Date "2008.12.16"]
[Round "11"]
[White "Prohaszka, P2."]
[Black "Bromberger, S."]
[Result "1-0"]
[WhiteElo "2502"]
[BlackElo "2504"]
[PlyCount "49"]
[EventDate "2008.12.06"]
[SourceDate "1999.07.01"]

1. d4 d5 2. c4 c6 3. Nc3 Nf6 4. Nf3 e6 5. Bg5 dxc4 6. a4 Bb4 7. e4 c5 8. Bxc4
cxd4 9. Nxd4 h6 10. Bf4 O-O 11. O-O Nbd7 12. e5 Nb6 13. Bd3 Nfd5 14. Bd2 Ne7
15. Qg4 Nf5 16. Nxf5 exf5 17. Qg3 Kh8 18. a5 Nd5 19. Rfd1 Be6 20. Bc4 Bxc3 21.
Bxc3 Rc8 22. Bxd5 Bxd5 23. e6 Rxc3 24. bxc3 f4 25. Qd3 1-0

[Event "15th Croatian Open A"]
[Site "Zadar CRO"]
[Date "2008.12.16"]
[Round "4"]
[White "Rusev, K."]
[Black "Stanojoski, Z."]
[Result "1/2-1/2"]
[WhiteElo "2541"]
[BlackElo "2502"]
[PlyCount "105"]
[EventDate "2008.12.14"]
[SourceDate "1999.07.01"]

1. d4 d5 2. Nf3 Nf6 3. c4 e6 4. Nc3 c6 5. Bg5 dxc4 6. e4 b5 7. e5 h6 8. Bh4 g5
9. exf6 gxh4 10. Ne5 Qxf6 11. a4 c5 12. Ng4 Qe7 13. axb5 Bb7 14. dxc5 Qxc5 15.
Ra4 Qd6 16. Nf6+ Kd8 17. Qh5 Qe7 18. Nfe4 f5 19. Nd2 Nd7 20. Rxc4 Bg7 21. Be2
Nb6 22. Rxh4 Bxg2 23. Rg1 Bf6 24. Rf4 Bb7 25. Bf3 Bxf3 26. Qxf3 Rc8 27. Qd3+
Qd7 28. Qh3 Nd5 29. Nxd5 Qxd5 30. Kd1 Ke7 31. Qa3+ Qc5 32. Rc4 Qxa3 33. bxa3
Bg5 34. Ke2 Rhd8 35. Rxc8 Rxc8 36. h4 Bf6 37. a4 Rc2 38. Rg6 Ra2 39. Rxh6 Bc3
40. Rh7+ Kf6 41. Rd7 Rxa4 42. Nf3 Ra2+ 43. Kf1 Bb4 44. Rc7 Ba5 45. Rxa7 Rxf2+
46. Kxf2 Bb6+ 47. Ke2 Bxa7 48. Nd2 Kg6 49. Nc4 Kh5 50. b6 Bb8 51. Na5 Kxh4 52.
Nc6 Bd6 53. Nd4 1/2-1/2

[Event "TCh-NED Meesterklasse 2012-13"]
[Site "Den Bosch NED"]
[Date "2012.09.15"]
[Round "1.1"]
[White "Ernst, S."]
[Black "Smeets, J."]
[Result "1-0"]
[WhiteElo "2548"]
[BlackElo "2609"]
[PlyCount "93"]
[EventDate "2012.09.15"]
[SourceDate "1999.07.01"]
[WhiteTeam "Groninger Combinatie"]
[BlackTeam "En Passant"]

1. d4 d5 2. c4 c6 3. Nf3 Nf6 4. Nc3 e6 5. Bg5 dxc4 6. e4 b5 7. e5 h6 8. Bh4 g5
9. Nxg5 hxg5 10. Bxg5 Nbd7 11. g3 Bb7 12. Bg2 Qb6 13. exf6 c5 14. d5 O-O-O 15.
O-O b4 16. Na4 Qa6 17. a3 Bxd5 18. Bxd5 Ne5 19. Qe2 Rxd5 20. axb4 cxb4 21. Nc3
Qd6 22. Nxd5 Qxd5 23. f3 Bc5+ 24. Kg2 Nd3 25. h4 Rd8 26. Rfd1 Kb7 27. Ra5 Qd4
28. b3 Bb6 29. Ra2 cxb3 30. Rad2 b2 31. h5 Qc4 32. Kh2 Rd5 33. h6 Rxg5 34. Rxd3
Rh5+ 35. Kg2 Ka6 36. Qxb2 Rxh6 37. Ra1+ Kb5 38. Qe5+ Qc5 39. Qe2 Kc6 40. Qd2
Qh5 41. Rd6+ Kc7 42. Rd7+ Kc6 43. Rc1+ Bc5 44. Qd6+ Kb5 45. Rb7+ Ka4 46. Ra1+
Kb3 47. Qd3+ 1-0

[Event "40th Olympiad Open"]
[Site "Istanbul TUR"]
[Date "2012.09.05"]
[Round "8.20"]
[White "Nguyen Ngoc Truong Son"]
[Black "Esen, B."]
[Result "1-0"]
[WhiteElo "2639"]
[BlackElo "2587"]
[PlyCount "161"]
[EventDate "2012.08.28"]
[SourceDate "1999.07.01"]
[WhiteTeam "Vietnam"]
[BlackTeam "Turkey"]
[WhiteTeamCountry "MSG"]
[BlackTeamCountry "GAB"]

1. d4 d5 2. c4 c6 3. Nc3 Nf6 4. Nf3 e6 5. Bg5 dxc4 6. e4 b5 7. e5 h6 8. Bh4 g5
9. Nxg5 hxg5 10. Bxg5 Nbd7 11. g3 Bb7 12. Bg2 Qb6 13. exf6 c5 14. d5 O-O-O 15.
O-O b4 16. Na4 Qb5 17. a3 exd5 18. Re1 d4 19. axb4 cxb4 20. Qxd4 Bxg2 21. Kxg2
Qxg5 22. Qxc4+ Kb8 23. Red1 Qf5 24. Rd5 Rxh2+ 25. Kxh2 Qxf2+ 26. Kh3 Bd6 27.
Qh4 Re8 28. Rb5+ Ka8 29. Rc1 Re2 30. Rc8+ Nb8 31. Rbxb8+ Bxb8 32. Qf4 Qxf4 33.
gxf4 Rf2 34. Kg3 Rd2 35. Rf8 Rd5 36. Rxf7 Rf5 37. Kf3 Rxf4+ 38. Ke3 Bd6 39. Nc5
Rxf6 40. Rxf6 Bxc5+ 41. Kd3 Kb7 42. Kc4 Bb6 43. Re6 b3 44. Kxb3 a6 45. Kb4 Kc7
46. Kc4 Kb7 47. Kd5 Bf2 48. Rf6 Bg1 49. Rf1 Be3 50. Rf3 Bg1 51. Rg3 Bf2 52.
Rb3+ Kc7 53. Rc3+ Kb6 54. Rf3 Bg1 55. Rg3 Bf2 56. Rc3 Bg1 57. Rc6+ Kb5 58. Rc1
Bf2 59. Rc2 Bg1 60. Rg2 Be3 61. Rg3 Bd2 62. Rb3+ Bb4 63. Kd4 a5 64. Rf3 Bc5+
65. Kc3 Bb4+ 66. Kd3 Be7 67. Rf7 Bd6 68. Rb7+ Kc6 69. Rh7 Kb5 70. Kd4 Bb4 71.
Rh5+ Kb6 72. Kc4 Bd2 73. Kb3 Be1 74. Ka4 Bd2 75. Rd5 Be1 76. Rb5+ Ka6 77. Re5
Bd2 78. Re6+ Kb7 79. Kb5 Kc7 80. Ra6 Kb7 81. Rxa5 1-0

[Event "Dutch Open 2012"]
[Site "Dieren NED"]
[Date "2012.07.27"]
[Round "4.1"]
[White "Ikonnikov, Vy"]
[Black "Smeets, J."]
[Result "1-0"]
[WhiteElo "2537"]
[BlackElo "2620"]
[PlyCount "107"]
[EventDate "2012.07.24"]
[SourceDate "1999.07.01"]

1. d4 d5 2. Nf3 Nf6 3. c4 c6 4. Nc3 e6 5. Bg5 dxc4 6. a4 Bb4 7. e4 Bxc3+ 8.
bxc3 Qa5 9. e5 Ne4 10. Bd2 c5 11. Bxc4 Nxd2 12. Qxd2 cxd4 13. cxd4 Nc6 14. Bb5
Bd7 15. Qxa5 Nxa5 16. Ke2 Rc8 17. Rhd1 Ke7 18. d5 Rhd8 19. d6+ Ke8 20. Rac1 Nb3
21. Bxd7+ Kxd7 22. Rb1 Rc3 23. Nd4 Nxd4+ 24. Rxd4 Kc6 25. Kd2 Rc5 26. f4 f6 27.
Rc1 b6 28. Rd3 Rd7 29. Rxc5+ bxc5 30. Kc3 fxe5 31. fxe5 Rb7 32. a5 Rd7 33. Kc4
Rb7 34. Rb3 Rf7 35. g3 Rf1 36. Rd3 Rc1+ 37. Kb3 Kd7 38. Rf3 Re1 39. Rf7+ Kc6
40. Rc7+ Kb5 41. d7 Rd1 42. Rxa7 g5 43. Rc7 Kxa5 44. Rc6 Rxd7 45. Kc4 Rd4+ 46.
Kxc5 Rd5+ 47. Kc4 Rd2 48. Rxe6 Rxh2 49. Rc6 h5 50. Rg6 g4 51. e6 Re2 52. Kd5
Kb4 53. Rg5 Rd2+ 54. Kc6 1-0